Meranie teplotných závislostí rezistivity tenkých vrstiev Ru-SiO pre pokročilú CMOS technológiu

Gespeichert in:
Bibliographische Detailangaben
1. Verfasser: Fajta, Michal (Verfasst von)
Weitere Verfasser: Ťapajna, Milan, 1977- (Betreuung Doktorarbeit), Harmatha, Ladislav, 1948- (Betreuung Doktorarbeit)
Format: Manuskript Buch
Veröffentlicht: Bratislava : STU v Bratislave FEI, 2008
Schlagworte:
Tags: Tag hinzufügen
Keine Tags, Fügen Sie das erste Tag hinzu!

MARC

LEADER 00000ntm a22000003a 4500
001 stu179785
005 20160719165123.9
008 090211s2008----------------------------d
040 |a STU  |b slo 
041 0
100 1 |a Fajta, Michal  |4 aut 
245 1 |a Meranie teplotných závislostí rezistivity tenkých vrstiev Ru-SiO pre pokročilú CMOS technológiu 
260 |a Bratislava :  |b STU v Bratislave FEI,  |c 2008 
300 |a 60 s 
650 7 |a elektronika  |2 stusub 
650 7 |a Mikroelektronika  |2 stusub 
650 7 |a meranie teploty  |2 stusub 
650 7 |a CMOS  |2 stusub 
700 1 |a Ťapajna, Milan,  |d 1977-  |4 ths  |u E210  |U FEI Fakulta elektrotechniky a informatiky  |T FEI Katedra mikroelektroniky  |X 47721  |U E210  |Y 68  |7 47721 
700 1 |a Harmatha, Ladislav,  |d 1948-  |4 ths  |u E030  |U FEI Fakulta elektrotechniky a informatiky  |T FEI Ústav elektroniky a fotoniky  |X 2055  |U E030  |Y 549  |7 A000002055